| 000 | 00895nam a2200301Ia 4500 | ||
|---|---|---|---|
| 001 | 91046 | ||
| 003 | IT-RoPAU | ||
| 008 | 130308s9999 xx 000 0 und d | ||
| 040 | _aIT-RoPAU | ||
| 040 | _cIT-RoPAU | ||
| 041 | _aFRANCESE | ||
| 100 | _aLe Breton David | ||
| 100 | _gCodice Aut. SPICS: 17540 | ||
| 245 | _aYeux du dedans (Les): imagerie medicale et imaginaire | ||
| 245 | _bImaginaire des Techniques de pointe (L') | ||
| 250 | _a1a ed. | ||
| 260 | _aPARIS | ||
| 260 | _bL'Harmattan | ||
| 260 | _c1989 [1° Ed.:1989 - Ed.Ling.Originale:1989] | ||
| 300 | _a"20 p. (prefazione: no ; testo: 20 [pagine: 151-170])" | ||
| 500 | _aIconografia medica e immaginario Mondo Diventato immagine immaginario della Trasparenza | ||
| 650 | _aSAGGI DI COMUNICAZIONE SOCIALE | ||
| 650 | _eCodice materia Spics: 3807 | ||
| 942 | _cBK | ||
| 957 | _71 | ||
| 999 |
_c45678 _d45678 |
||
| 999 | _bSI | ||
| 999 | _g1 | ||